A descriptive study on the grammar of bronze inscription /
Saved in:
| Main Author: | |
|---|---|
| Format: | Thesis Book |
| Language: | Chinese |
| Published: |
1980.
|
| Subjects: | |
| Tags: |
Add Tag
No Tags, Be the first to tag this record!
|
| LEADER | 00873cam a2200277 a 4500 | ||
|---|---|---|---|
| 001 | u33568 | ||
| 003 | SIRSI | ||
| 008 | 840607s1980 si v 0 1 chi | ||
| 035 | |a AAD-6163 | ||
| 040 | |a UMM | ||
| 041 | 0 | |a chi |b eng | |
| 043 | |a a-cc-- | ||
| 050 | 0 | |a PL2243 | |
| 090 | 0 | 0 | |a PL2243 |b Che |
| 100 | 1 | 0 | |a Chew, Cheng Hai. |
| 245 | 1 | 2 | |a A descriptive study on the grammar of bronze inscription / |c by Chew Cheng Hai |
| 260 | |c 1980. | ||
| 300 | |a 222 leaves ; |c 30cm | ||
| 500 | |a Chinese with title and abstract in English | ||
| 502 | |a Thesis (Ph.D.) -- National University of Singapore, 1980. | ||
| 504 | 0 | 0 | |a Bibliography: leaves 308-319 |
| 650 | 0 | |a Chinese language |x Archaic Chinese | |
| 650 | 0 | |a Chinese language |x Grammar | |
| 948 | |a 16/03/1991 |b 14/06/2002 | ||
| 596 | |a 1 | ||
| 999 | |a PL2243 CHE |w LC |c 1 |i A002677223 |d 23/1/1999 |l STACKS |m P01UTAMA |n 1 |r Y |s Y |t TESIS |u 14/4/1992 | ||
